000 00778nam a2200193 4500
001 118946
003 ES-MaACL
005 20230906191217.0
007 t|
008 070214s1930 fr r ||||1| fre d
100 1 _aPicard, Edmond.
_991772
245 1 4 _aLes constantes du droit
_b: institutes juridiques modernes : encyclopédie philosophique du droit, premiers principes juridiques permanents, éléments fondamentaux du droit, les grandes fresques du droit, l'hominisme juridique /
_cEdmond Picard.
260 _aParis :
_bErnest Flammarion,
_c1921.
300 _aIV, 274 p. ;
_c18 x 11 cm.
490 1 _aBibliotheque de philosophie scientifique
830 0 _aBibliotheque de philosophie scientifique
_9181135
852 _aES-MaACL
_jF-6443
999 _c118946
_d118946